000 00804nam a2200205Ia 4500
003 0
005 20250115152253.0
008 161205s9999 xx 000 0 und d
050 _aPHS D 819
_b.N222 2015
100 _aNarciso, John Ray Lover F.
245 _aSocio-economic conditions of Hiroshima after the bombing (1945-1965)
_cJohn Ray Lover F. Narciso
260 _aLas PiƱas, Philippines :
_bSouthville International School and Colleges,
_c2015.
300 _aiii, 28 p. :
_bill. ;
_c28 cm.
504 _aIncludes bibliographical references.
650 _aHiroshima-shi (Japan)
_vHistory
_xBombardment, 1945.
650 _aHiroshima-shi (Japan)
_vEconomic conditions
_y20th century.
650 _aPostwar reconstruction
_zHiroshima.
650 _aEconomic recovery
_zHiroshima.
942 _2lcc
_cPASS
999 _c305305
_d305305